Aging and diversity : (Record no. 52354)

MARC details
000 -LEADER
fixed length control field 00619nam a2200229Ia 4500
005 - DATE AND TIME OF LATEST TRANSACTION
control field 20260429112111.0
008 - FIXED-LENGTH DATA ELEMENTS--GENERAL INFORMATION
fixed length control field 260429s9999||||xx |||||||||||||| ||und||
020 ## - INTERNATIONAL STANDARD BOOK NUMBER
International Standard Book Number 9781032503226
041 ## - LANGUAGE CODE
Language English
082 ## - DEWEY DECIMAL CLASSIFICATION NUMBER
Classification number 305.26
Item number WAG
100 ## - MAIN ENTRY--PERSONAL NAME
Personal name Wagner, Lisa S.
245 #0 - TITLE STATEMENT
Title Aging and diversity :
Remainder of title social and community contexts of aging /
Statement of responsibility, etc Lisa S. Wagner
250 ## - EDITION STATEMENT
Edition statement 4th ed.
260 ## - PUBLICATION, DISTRIBUTION, ETC. (IMPRINT)
Place of publication, distribution, etc New York :
Name of publisher, distributor, etc Routledge,
Date of publication, distribution, etc 2026.
300 ## - PHYSICAL DESCRIPTION
Extent xxiv, 531 p.; pbk
650 ## - SUBJECT ADDED ENTRY--TOPICAL TERM
Topical term or geographic name as entry element Community
650 ## - SUBJECT ADDED ENTRY--TOPICAL TERM
Topical term or geographic name as entry element Social contexts
650 ## - SUBJECT ADDED ENTRY--TOPICAL TERM
Topical term or geographic name as entry element Aging
700 ## - ADDED ENTRY--PERSONAL NAME
Personal name Guo, Man
700 ## - ADDED ENTRY--PERSONAL NAME
Personal name Mehrotra, Chandra M.
942 ## - ADDED ENTRY ELEMENTS (KOHA)
Koha item type Text Books
Holdings
Withdrawn status Lost status Damaged status Not for loan Collection code Home library Location Shelving location Date of Cataloging Source of acquisition Total Checkouts Full call number Barcode Date last seen Price effective from Koha item type
        Non-fiction CUTN Central Library CUTN Central Library Social Sciences 29/04/2026 CBS Publishers & Distributors, New Delhi - Invoice No. COR/IN/26/11710 on   305.26 WAG 57430 29/04/2026 29/04/2026 Text Books